000
00350 a2200169 4500
001
184184
020
_a
85-08-06117-X
040
_c
Magnum
100
_a
Bandeira, Pedro
240
1
0
_a
O grande desafio
_l
por
245
1
0
_a
O grande desafio
300
_a
142
362
0
_a
2002
440
1
_a
Ática
697
_a
LITERATURA JUVENIL
942
_c
BK
999
_c
184184
_d
184184